Central Library OPAC University of Rajshahi

মাত্র ৬০০ ভাল মানুষ চাই : (Record no. 65693)

MARC details
000 -LEADER
fixed length control field 01379nam a2200277 a 4500
001 - CONTROL NUMBER
control field 65693
003 - CONTROL NUMBER IDENTIFIER
rucl marc code BD-RjUL
005 - DATE AND TIME OF LATEST TRANSACTION
control field 20211209081443.0
008 - FIXED-LENGTH DATA ELEMENTS--GENERAL INFORMATION
fixed length control field 170309s2006 bg |||| |||| 000 0 ben d
020 ## - INTERNATIONAL STANDARD BOOK NUMBER
International Standard Book Number 9848518371
Terms of availability : Tk. 150.00
035 ## - SYSTEM CONTROL NUMBER
System control number (BD-RjUL)65823
040 ## - CATALOGING SOURCE
Original cataloging agency BD-RjUL
Language of cataloging ben
Transcribing agency BD-RjUL
Modifying agency BD-RjUL
041 ## - LANGUAGE CODE
Language code of text/sound track or separate title ben
082 ## - DEWEY DECIMAL CLASSIFICATION NUMBER
Edition number 23
Classification number 954.92
Author mark and year AHM 2006
100 1# - MAIN ENTRY--PERSONAL NAME
Personal name আহমাদ, রাজিউদ্দিন
9 (RLIN) 176612
245 10 - TITLE STATEMENT
Title মাত্র ৬০০ ভাল মানুষ চাই :
Remainder of title বাংলাদেশের গণতন্ত্র, সামাজিক অবস্থা, রাজনীতি, ও নির্বাচন নিয়ে কিছু চিন্তা-ভাবনা /
Statement of responsibility, etc. রাজিউদ্দিন আহমাদ ; শহিদুল ইসলাম -ভূমিকায়
250 ## - EDITION STATEMENT
Edition statement ১ম সং.
260 ## - PUBLICATION, DISTRIBUTION, ETC. (IMPRINT)
Place of publication, distribution, etc. ঢাকা :
Name of publisher, distributor, etc. ইত্যাদি গ্রন্থপ্রকাশ,
Date of publication, distribution, etc. ২০০৬
300 ## - PHYSICAL DESCRIPTION
Pagination ১৬৮ পৃ. ;
Size ২১ সেমি.
651 ## - SUBJECT ADDED ENTRY--GEOGRAPHIC NAME
Geographic name বাংলাদেশ
General subdivision ইতিহাস
9 (RLIN) 192183
Geographic name Bangladesh
General subdivision History
9 (RLIN) 191912
Geographic name বাংলাদেশ
General subdivision সরকার ও রাজনীতি
9 (RLIN) 192185
Geographic name Bangladesh
General subdivision Government and politics
9 (RLIN) 192186
700 ## - ADDED ENTRY--PERSONAL NAME
Personal name ইসলাম ,শহিদুল
942 ## - ADDED ENTRY ELEMENTS (KOHA)
Source of classification or shelving scheme Dewey Decimal Classification
Koha item type Books
Holdings
Lost status Source of classification or shelving scheme Damaged status Not for loan Collection code Permanent Location Current Location Shelving location Date acquired Source of acquisition Cost, normal purchase price Total Checkouts Full call number Date last seen Copy number Koha item type
  Dewey Decimal Classification   Not For Loan Non-fiction Central Library, University of Rajshahi Central Library, University of Rajshahi Reading Room 05/03/2007 Author 150.00   B 954.92 AHM 2006 09/03/2017 C-1 Books